书目信息 |
| 题名: |
计算机导论与程序设计基础
|
|
| 作者: | 张雷 , 周春燕 , 艾波 编著 | |
| 分册: | ||
| 出版信息: | 北京 北京邮电大学出版社 2006.09 |
|
| 页数: | 301页 | |
| 开本: | 23cm | |
| 丛书名: | 21世纪信息通信系列教材 | |
| 单 册: | ||
| 中图分类: | TP3 | |
| 科图分类: | ||
| 主题词: | 电子计算机--dian zi ji suan ji--理论 , 程序设计--cheng xu she ji | |
| 电子资源: | ||
| ISBN: | 7-5635-1325-6 | |
| 000 | 01100nam 2200301 450 | |
| 001 | 012006036515 | |
| 005 | 20061219102411.03 | |
| 010 | @a7-5635-1325-6@dCNY29.00 | |
| 100 | @a20061128d2006 km y0chiy0120 ea | |
| 101 | 0 | @achi |
| 102 | @aCN@b110000 | |
| 105 | @ay a 000yy | |
| 200 | 1 | @a计算机导论与程序设计基础@Aji suan ji dao lun yu cheng xu she ji ji chu@f张雷, 周春燕, 艾波等编著@Fzhang lei,zhou chun yan,ai bo deng bian zhu |
| 205 | @a第2版 | |
| 210 | @a北京@c北京邮电大学出版社@d2006.09 | |
| 215 | @a301页@d23cm | |
| 225 | 2 | @a21世纪信息通信系列教材@A21 shi ji xin xi tong xin xi lie jiao cai |
| 320 | @a有书目 (第301页)。 | |
| 330 | @a本书共分4篇,分计算机概述与程序设计初步,抽象与模型、从实际到理论,算法+数据结构=程序,计算科学导论与学科知识体系。 | |
| 410 | 0 | @12001 @a21世纪信息通信系列教材 |
| 606 | 0 | @a电子计算机@Adian zi ji suan ji@x理论 |
| 606 | 0 | @a程序设计@Acheng xu she ji |
| 690 | @aTP3@v4 | |
| 701 | 0 | @a张雷@Azhang lei@4编著 |
| 701 | 0 | @a周春燕@Azhou chun yan@4编著 |
| 701 | 0 | @a艾波@Aai bo@4编著 |
| 801 | 0 | @aCN@c20061219 |
| 905 | @a10447@dTP3@eZ133 | |
| 计算机导论与程序设计基础/张雷, 周春燕, 艾波等编著.-第2版.-北京:北京邮电大学出版社,2006.09 |
| 301页;23cm.-(21世纪信息通信系列教材) |
| ISBN 7-5635-1325-6:CNY29.00 |
| 本书共分4篇,分计算机概述与程序设计初步,抽象与模型、从实际到理论,算法+数据结构=程序,计算科学导论与学科知识体系。 |
| ● |
| 相关链接 |
|
|
|
正题名:计算机导论与程序设计基础
索取号:TP3/Z133
 
预约/预借
| 序号 | 登录号 | 条形码 | 馆藏地/架位号 | 状态 | 备注 |
| 1 | 229090 | 202290902 | 自科库301/301自科库 44排5列2层/ [索取号:TP3/Z133] | 在馆 | |
| 2 | 229091 | 202290911 | 自科库301/301自科库 44排5列2层/ [索取号:TP3/Z133] | 在馆 |